Прогнозирование фаций и продуктивности юрско-меловых пород-коллекторов юго-востока Западной Сибири; Нефтегазовая геология. Теория и практика; Т. 10, № 3

Dettagli Bibliografici
Parent link:Нефтегазовая геология. Теория и практика/ Всероссийский нефтяной научно-исследовательский геологоразведочный институт (ВНИГРИ).— , 2006-
Т. 10, № 3.— 2015.— [С. 1-26]
Autore principale: Пракойо Ф. С. Феликс Санто
Ente Autore: Национальный исследовательский Томский политехнический университет (ТПУ) Институт природных ресурсов (ИПР) Кафедра геофизики (ГЕОФ)
Altri autori: Лобова Г. А. Галина Анатольевна
Riassunto:Заглавие с экрана
Приведен прогноз фаций терригенных отложений для оценки продуктивности пластов. Дана сводная характеристика седиментационных структур и фильтрационно-емкостных свойств отложений прибрежно-морских фаций. Для каждой фации определена модель каротажей ПС, ГК, КС. Прогностические возможности моделей апробированы для верхнеюрского и мелового нефтегазоносных комплексов на площади Северного и Приграничного месторождений юго-востока Западной Сибири. Для юрских продуктивных пластов идентифицирована дельтовая фация. Установлено, что отложения нижнемеловых пластов формировались в условиях как шельфовой, так и дельтовой фаций. Отмечается хорошее подтверждение прогноза фаций и их фильтрационно-емкостных свойств с данными испытаний пластов в 70-ти скважинах. Результаты прогнозирования могут быть использованы для планирования последующих промысловых работ.
Lingua:russo
Pubblicazione: 2015
Soggetti:
Accesso online:http://www.ngtp.ru/rub/2015/33_2015.html
Natura: MixedMaterials Elettronico Capitolo di libro
KOHA link:https://koha.lib.tpu.ru/cgi-bin/koha/opac-detail.pl?biblionumber=644000

MARC

LEADER 00000nla0a2200000 4500
001 644000
005 20250303144300.0
035 |a (RuTPU)RU\TPU\network\9015 
035 |a RU\TPU\network\8173 
090 |a 644000 
100 |a 20151022d2015 k||y0rusy50 ca 
101 0 |a rus 
102 |a RU 
135 |a drnn ---uucaa 
181 0 |a i  
182 0 |a b 
200 1 |a Прогнозирование фаций и продуктивности юрско-меловых пород-коллекторов юго-востока Западной Сибири  |f Ф. С. Пракойо, Г. А. Лобова 
203 |a Текст  |c электронный 
300 |a Заглавие с экрана 
320 |a [Библиогр.: с. 18-21 (52 назв.)] 
330 |a Приведен прогноз фаций терригенных отложений для оценки продуктивности пластов. Дана сводная характеристика седиментационных структур и фильтрационно-емкостных свойств отложений прибрежно-морских фаций. Для каждой фации определена модель каротажей ПС, ГК, КС. Прогностические возможности моделей апробированы для верхнеюрского и мелового нефтегазоносных комплексов на площади Северного и Приграничного месторождений юго-востока Западной Сибири. Для юрских продуктивных пластов идентифицирована дельтовая фация. Установлено, что отложения нижнемеловых пластов формировались в условиях как шельфовой, так и дельтовой фаций. Отмечается хорошее подтверждение прогноза фаций и их фильтрационно-емкостных свойств с данными испытаний пластов в 70-ти скважинах. Результаты прогнозирования могут быть использованы для планирования последующих промысловых работ. 
461 |t Нефтегазовая геология. Теория и практика  |f Всероссийский нефтяной научно-исследовательский геологоразведочный институт (ВНИГРИ)  |d 2006- 
463 |t Т. 10, № 3  |v [С. 1-26]  |d 2015 
610 1 |a электронный ресурс 
610 1 |a труды учёных ТПУ 
610 1 |a Западная Сибирь 
610 1 |a нефтегазовые комплексы 
610 1 |a углеводороды 
610 1 |a породы 
700 1 |a Пракойо  |b Ф. С.  |c геофизик  |c ассистент Томского политехнического университета  |f 1981-  |g Феликс Санто  |3 (RuTPU)RU\TPU\pers\35431 
701 1 |a Лобова  |b Г. А.  |c геофизик  |c доцент Томского политехнического университета, кандидат геолого-минералогических наук  |f 1952-  |g Галина Анатольевна  |3 (RuTPU)RU\TPU\pers\28751  |9 13541 
712 0 2 |a Национальный исследовательский Томский политехнический университет (ТПУ)  |b Институт природных ресурсов (ИПР)  |b Кафедра геофизики (ГЕОФ)  |3 (RuTPU)RU\TPU\col\18667 
801 2 |a RU  |b 63413507  |c 20151026  |g RCR 
856 4 |u http://www.ngtp.ru/rub/2015/33_2015.html 
942 |c CF